| 000 | 00731nam a22002537a 4500 | ||
|---|---|---|---|
| 008 | 240821b mp ||||| |||| 00| 0 mon d | ||
| 020 | _a978-99929-0-903-Х | ||
| 035 | _a2577 | ||
| 040 |
_aDXO45059 _bmon _cMN-UlNLM _dMN-UlNLM _erda |
||
| 041 | _amon | ||
| 082 |
_210-t _a891.7 3 _bУ.74 |
||
| 100 | _aЕлена Усачёва | ||
| 245 | 0 | _aМиний хайр | |
| 245 | 0 | _b0 | |
| 245 | 0 | _c/Орч.С.Дэлгэрмаа | |
| 264 |
_aУБ _bМонсудар хэвлэлийн газар _c2009 |
||
| 300 | _a120х. | ||
| 336 |
_2rdacontent _atext _btxt |
||
| 337 |
_2rdamedia _aunmediated _bn |
||
| 338 |
_2rdacarrier _avolume _bnc |
||
| 505 | _tминий хайр; 0; 0; 0; 0 | ||
| 650 | _a5654 | ||
| 942 |
_210-t _cBK |
||
| 999 |
_c1127937 _d1127994 |
||